Economía de la energía /

Ensayo sobre los diferentes usos de la energía; analiza la historia y la estructura de diversas fuentes de energía, como los hidrocarburos, la energía hidroeléctrica, la energía nuclear y energías renovables. Presenta, finalmente algunas prospectivas en cuanto al asunto energético y las adecuaciones...

תיאור מלא

שמור ב:
מידע ביבליוגרפי
מחבר ראשי: Dammert Lira, Alfredo (autor)
מחברים אחרים: García Carpio, Raúl (autor) (autor)
פורמט: ספר
שפה:ספרדית
יצא לאור: Lima, Perú : Pontificia Universidad Católica del Perú, 2017, c2017
נושאים:
תגים: הוספת תג
אין תגיות, היה/י הראשונ/ה לתייג את הרשומה!

MARC

LEADER 00000nam^a2200000^a^4500
001 000408687
005 20250521000000.0
009 20260310121959.913
020 |a 978-612-317-305-0 
037 |a Acervo ITESO - Biblioteca 
041 |a ESP 
082 |a 333. 79  |b DAM 
100 |a Dammert Lira, Alfredo  |e (autor) 
245 1 0 |a Economía de la energía /  |c A. Dammert Lira, R. García Carpio. 
264 4 |a Lima, Perú :  |b Pontificia Universidad Católica del Perú,  |c 2017, c2017 
300 |a 424 p. 
336 |a texto  |b txt  |2 rdacontenido 
337 |a sin mediación  |b n  |2 rdamedio 
338 |a volumen  |b nc  |2 rdasoporte 
520 |a Ensayo sobre los diferentes usos de la energía; analiza la historia y la estructura de diversas fuentes de energía, como los hidrocarburos, la energía hidroeléctrica, la energía nuclear y energías renovables. Presenta, finalmente algunas prospectivas en cuanto al asunto energético y las adecuaciones que debieran hacer las políticas energéticas. 
521 |a FIL 2018 EEnlace Departamento del Hábitat y Desarrollo Urbano 
649 |a XX 
650 |a Petróleo 
650 |a Carbón 
650 |a Hidrocarburos 
650 |a Energía Eléctrica 
650 |a Energía Nuclear 
650 |a Recursos Energéticos Renovables 
650 |a Recursos Energéticos No Renovables 
650 |a Recursos Energéticos 
650 |a Desarrollo Sustentable -  |x Tema Principal 
650 |a Desarrollo Económico-Social 
650 |a Prospectiva Económica 
650 |a Política Petrolera 
650 |a Política Energética -  |x Tema Principal 
650 |a Política Internacional 
650 |a Economía Internacional 
700 |a García Carpio, Raúl  |e (autor) 
910 |a Fondo General 
920 |a Impresos - Libros 
930 |a Colección General 
905 |a 101 
901 |a 0500316955  |b IT1  |c ACC  |i C162702  |u 20250521 
902 |a https://opac.biblio.iteso.mx/vufind/Record/000408687